DERECHO PRIVADO ROMANO (Registro nro. 39031)
[ vista simple ]
| 000 -LEADER | |
|---|---|
| fixed length control field | 00573nam a2200193 a 4500 |
| 001 - CONTROL NUMBER | |
| control field | 39031 |
| 005 - DATE AND TIME OF LATEST TRANSACTION | |
| control field | 20180714012455.0 |
| 008 - FIXED-LENGTH DATA ELEMENTS--GENERAL INFORMATION | |
| fixed length control field | 140415s1997 sp 000 0 spa d |
| 020 ## - INTERNATIONAL STANDARD BOOK NUMBER | |
| International Standard Book Number | 8431315350 |
| 041 ## - LANGUAGE CODE | |
| Language code of text/sound track or separate title | spa |
| 082 ## - DEWEY DECIMAL CLASSIFICATION NUMBER | |
| Classification number | 349 |
| Item number | DOR |
| 100 1# - MAIN ENTRY--PERSONAL NAME | |
| Personal name | D´ORS |
| 245 10 - TITLE STATEMENT | |
| Title | DERECHO PRIVADO ROMANO |
| 250 ## - EDITION STATEMENT | |
| Edition statement | 9a ed. |
| 260 ## - PUBLICATION, DISTRIBUTION, ETC. | |
| Place of publication, distribution, etc. | ESPAÑA : |
| Name of publisher, distributor, etc. | EUNSA, |
| Date of publication, distribution, etc. | 1997 |
| 300 ## - PHYSICAL DESCRIPTION | |
| Extent | |
| Dimensions | x 16 x 24 |
| 520 ## - SUMMARY, ETC. | |
| Summary, etc. | ESTE LIBRO NOS HABLA DEL DERECHO ROMANO DE COMO SE FUNDO Y DE COMO HA IDO EVOLUCIONANDO A TRAVÉS DEL TIEMPO. |
| 650 14 - SUBJECT ADDED ENTRY--TOPICAL TERM | |
| Topical term or geographic name entry element | DERECHO CIVIL |
| General subdivision | DERECHO ROMANO |
| Withdrawn status | Lost status | Source of classification or shelving scheme | Damaged status | Not for loan | Collection code | Home library | Current library | Shelving location | Date acquired | Source of acquisition | Inventory number | Total Checkouts | Total Renewals | Full call number | Barcode | Date last seen | Date last checked out | Price effective from | Koha item type |
|---|---|---|---|---|---|---|---|---|---|---|---|---|---|---|---|---|---|---|---|
| Dewey Decimal Classification | General | Biblioteca Karol Wojtyla | Biblioteca Karol Wojtyla | Sala general | 03/12/2013 | Compra | 151000000000000000048727 | 1 | 1 | 349 DOR | 58696 | 05/01/2026 | 08/11/2018 | 03/12/2013 | Libro |